Evolution and phylogeny of pancrustacea : a story of scientific method (Record no. 78268)
[ view plain ]
| 000 -LEADER | |
|---|---|
| fixed length control field | 00788nam a22002537a 4500 |
| 003 - CONTROL NUMBER IDENTIFIER | |
| control field | CBULib |
| 005 - DATE AND TIME OF LATEST TRANSACTION | |
| control field | 20230810081649.0 |
| 008 - FIXED-LENGTH DATA ELEMENTS--GENERAL INFORMATION | |
| fixed length control field | 230508b |||||||| |||| 00| 0 eng d |
| 020 ## - INTERNATIONAL STANDARD BOOK NUMBER | |
| International Standard Book Number | 9780195365764 |
| 040 ## - CATALOGING SOURCE | |
| Original cataloging agency | CBULib |
| Transcribing agency | CBULib |
| Language of cataloging | English |
| Description conventions | rda |
| 041 ## - LANGUAGE CODE | |
| Language code of text/sound track or separate title | eng |
| 050 ## - LIBRARY OF CONGRESS CALL NUMBER | |
| Classification number | QL 438.5 Sch |
| 100 ## - MAIN ENTRY--PERSONAL NAME | |
| Personal name | Schram, Frederick R. |
| 9 (RLIN) | 456 |
| 245 ## - TITLE STATEMENT | |
| Title | Evolution and phylogeny of pancrustacea : a story of scientific method |
| Statement of responsibility, etc | / by Frederick R. Schram |
| 260 ## - PUBLICATION, DISTRIBUTION, ETC. (IMPRINT) | |
| Name of publisher, distributor, etc | Oxford University press, |
| Date of publication, distribution, etc | 2021 |
| Place of publication, distribution, etc | New York : |
| 300 ## - PHYSICAL DESCRIPTION | |
| Extent | xii, 827 pages : illustrations |
| 336 ## - CONTENT TYPE | |
| Source | rdacontent |
| Content type term | Text | |
| Content type code | txt |
| 337 ## - MEDIA TYPE | |
| Source | rdamedia |
| Media type term | Unmediated | |
| Media type code | n |
| 338 ## - CARRIER TYPE | |
| Source | rdacarrier |
| Carrier type term | Volume |
| Carrier type code | nc |
| 504 ## - BIBLIOGRAPHY, ETC. NOTE | |
| Bibliography, etc | Includes index. |
| 650 #0 - SUBJECT ADDED ENTRY--TOPICAL TERM | |
| Topical term or geographic name as entry element | CRUSTACEA |
| 9 (RLIN) | 457 |
| 700 ## - ADDED ENTRY--PERSONAL NAME | |
| Personal name | Koenemann, Stefa |
| 9 (RLIN) | 458 |
| 942 ## - ADDED ENTRY ELEMENTS (KOHA) | |
| Koha item type | MONOGRAPH |
| Source of classification or shelving scheme | |
| Withdrawn status | Lost status | Source of classification or shelving scheme | Damaged status | Not for loan | Collection code | Permanent Location | Current Location | Shelving location | Date acquired | Source of acquisition | Full call number | Barcode | Date last seen | Copy number | Price effective from | Koha item type | Total Checkouts | Cost, normal purchase price | Cost, replacement price |
|---|---|---|---|---|---|---|---|---|---|---|---|---|---|---|---|---|---|---|---|
| Mpika Library Collection | CBU-MPIKA LIBRARY, MPIKA CAMPUS. | CBU-MAIN LIBRARY, KITWE. | General Stacks | 05/04/2023 | BOOKAID | QL 438.5 Sch | 752007 | 05/04/2023 | 1 | 05/04/2023 | MONOGRAPH | ||||||||
| Mpika Library Collection | CBU-MPIKA LIBRARY, MPIKA CAMPUS. | CBU-MAIN LIBRARY, KITWE. | General Stacks | 05/08/2023 | DON-BOOKAID | QL 438.5 Sch | 752008 | 05/08/2023 | 2 | 05/08/2023 | MONOGRAPH | ||||||||
| Main Library Open Access Collection | CBU-MAIN LIBRARY, KITWE. | CBU-MAIN LIBRARY, KITWE. | General Stacks | 05/09/2023 | DON-BOOKAID | QL 438.5 Sch | 752006 | 05/09/2023 | 3 | 05/09/2023 | MONOGRAPH | 93.77 | 112.52 |